000 00505nam a2200145 4500
999 _c11066
_d11066
008 181009b ||||| |||| 00| 0 eng d
022 _a16565649
082 _aDPer 303.405 H22 June -Sept 2016 v.12 n. 7-10
100 _932050
_aLabaco, Chester.
245 _aAMD RX 480:
_bAMD's north star/
_cChester Labaco.
260 _aQuezon City:
_bHardware Zone Phils. Corp.,
_c©June -Sept 2016.
300 _av12 n10, page 41:
_billustrations;
_c28 cm.
650 0 _932051
_aComputer peripherals.
942 _2ddc
_cPER